Fr. Conceicao Rodrigues College of Engineering

Welding Handbook 5Sec (Record no. 27137)

MARC details
000 -LEADER
fixed length control field 00283nam a2200133Ia 4500
082 ## - DEWEY DECIMAL CLASSIFICATION NUMBER
Classification number 671.5
100 ## - MAIN ENTRY--PERSONAL NAME
Personal name Weisman/C
245 ## - TITLE STATEMENT
Title Welding Handbook 5Sec
260 ## - PUBLICATION, DISTRIBUTION, ETC.
Name of publisher, distributor, etc. American Welding Society
Place of publication, distribution, etc. U.S.A
Date of publication, distribution, etc. 1973
300 ## - PHYSICAL DESCRIPTION
Extent 373
546 ## - LANGUAGE NOTE
Language note ENGLISH
654 ## - SUBJECT ADDED ENTRY--FACETED TOPICAL TERMS
Focus term Welding
942 ## - ADDED ENTRY ELEMENTS (KOHA)
Koha item type BOOK
Holdings
Withdrawn status Lost status Damaged status Not for loan Collection Home library Current library Date acquired Cost, normal purchase price Inventory number Total Checkouts Full call number Barcode Date last seen Cost, replacement price Price effective from Koha item type
        AFT Fr. Agnel's C.Rodrigues College of Engineering Fr. Agnel's C.Rodrigues College of Engineering 17/03/2023 200.00 T-448   671.5 AFT1907 17/03/2023 200.00 17/03/2023 BOOK